• 首页
  • 本馆介绍
  • 公告通知
  • 最新文献
  • 馆藏检索
  • 电子资源
  • 读者导购
  • 参考咨询
  • 我的图书馆
  • 登录
  • 详细信息显示
  • 放入我的书架
  • 预约/预借图书
  • 作者相关作品
  • 分类相关作品
  • 丛书相关作品
  • 出版社相关作品

书目信息

  • 表格格式
  • 工作单格式
  • 卡片格式
题名:
中东艺术史
    
 
作者: 伊斯梅尔 著 ;朱威烈 , 郭黎 译
分册: 古代  
出版信息: 上海   上海人民美术出版社  1985
页数: 243页
开本: 20cm
丛书名:
单 册:
中图分类: J110.92
科图分类:
主题词: 艺术史--中东地区--古代 , 艺术--世界 , 美术--世界
电子资源:
ISBN:
000 00814nam0 2200289 45
001 0185007790
005 20040513081001.0
010    @dCNY3.60
091    @a8081.13960
100    @a19900918d1985 em y0chiy0121 ea
101 1  @achi@cara
102    @aCN@b310000
105    @aa z 000yy
106    @ar
200 10 @a中东艺术史@Azhong dong yi shu shi@h古代@f(埃及)伊斯梅尔著@g朱威烈, 郭黎译
210    @a上海@c上海人民美术出版社@d1985
215    @a243页@c照片@d20cm
606    @a艺术史@y中东地区@z古代
606 0  @a艺术@x世界
606 0  @a美术@x世界
690    @aJ110.92
701  1 @a伊斯梅尔@Ayi si mei er@4著
702  0 @a朱威烈@Azhu wei lie@4译
702  0 @a郭黎@Aguo li@4译
801  0 @aCN@b深圳图书馆@c20040513
801  2 @aCN@bNLC@c20040513
905    @f1@b162286@f3@b256988-990@dJ110.92@e9
    
    中东艺术史.古代/(埃及)伊斯梅尔著/朱威烈, 郭黎译.-上海:上海人民美术出版社,1985
    243页:照片;20cm
    
    
    ISBN :CNY3.60
    
●
相关链接 在E读中查询图书 在五车中查询图书 在当当中查询图书 在豆瓣中查询图书


正题名:中东艺术史     索取号:J110.92/9         预约/预借

序号 登录号 条形码 馆藏地/架位号 状态 备注
1 0162286   001239653   密集书库/ [索取号:J110.92/9] 在馆    
2 0162287   001239680   第一样本阅览室/ [索取号:J110.92/9] 在馆    
3 0256988   000052052   第一借阅区/ [索取号:J110.92/9] 在馆    
4 0256989   000052061   密集书库/ [索取号:J110.92/9] 在馆    
5 0256990   000052070   密集书库/ [索取号:J110.92/9] 在馆    
唐山师范学院图书馆 欢迎您!
大连网信软件有限公司© 版权所有